Computer system architecture and organisation (Record no. 28484)

MARC details
000 -LEADER
fixed length control field 00448nam a2200157Ia 4500
020 ## - INTERNATIONAL STANDARD BOOK NUMBER
ISBN 9788189757731
050 ## - CALL MARK
Classification number QA 76.9 .S25/
100 ## - STATEMENT OF RESPONSIBILITY--MAIN AUTHOR NAME
Personal name Saini, S.P.S.
245 #0 - TITLE STATEMENT
Title Computer system architecture and organisation
260 ## - PUBLICATION, DISTRIBUTION, ETC. (IMPRINT)
Year of publication 2012
300 ## - PHYSICAL DESCRIPTION
Number of Pages 346 p
650 ## - SUBJECT ADDED ENTRY--TOPICAL TERM
Topical Term Computer organization. System design--Data processing. Computer architecture.
942 ## - ADDED ENTRY ELEMENTS (KOHA)
Koha item type Books
Holdings
Withdrawn status Lost status Source of classification or shelving scheme Damaged status Not for loan Permanent Location Current Location Date acquired Accession Number Price effective from Koha item type
    Library of Congress Classification     NILE UNIVERSITY OF NIGERIA - MAIN LIBRARY NILE UNIVERSITY OF NIGERIA - MAIN LIBRARY 04/23/2025 0186873 04/23/2025 Books